000 01031cad a22002175a 4500
001 L153976
008 110928s2011 xxk f 000 0 eng d
035 _a(Sirsi) u153976
041 0 _aeng
050 0 4 _a346.410434
110 2 _aLeasehold Advisory Service
_93510
245 0 0 _aShared ownership leases
_bwhat is shared ownership leasehold and how does it work?
_h[electronic resource]
260 _aLondon
_bLeasehold Advisory Service
_b2011
490 0 _aLeasehold Advisory Service Advice Guide
520 _aProvides a brief overview of shared ownership leases for owners, purchasers and property professionals. Explains the difference between a shared ownership lease and an ordinary long residential lease.
590 _aKA NTK
651 4 _aEngland and Wales
_y1543-
690 _aPROPERTY-RESIDENTIAL PROPERTY-RESIDENTIAL LANDLORD AND TENANT-RESIDENTIAL LEASES
856 4 0 _uhttps://www.lease-advice.org/publications/documents/document.asp?item=67
_zView the item free of charge at www.lease-advice.org
942 _n0
999 _c112790
_d112790